[Event "WJCC U20 Girls 2019"]
[Site "New Delhi"]
[Date "2019.10.18"]
[Round "5.7"]
[White "Divya Deshmukh"]
[Black "Mrudul Dehankar"]
[Result "1-0"]
[WhiteElo "2358"]
[BlackElo "2227"]
[Annotator "NA"]
[PlyCount "195"]
[EventDate "2019.10.15"]
[EventType "swiss"]
[EventCountry "IND"]
[SourceTitle "playchess.com"]
[Source "ChessBase"]
[SourceQuality "1"]
[TimeControl "40/5400+30:1800+30"]

1. e4 {[%emt 0:00:00]} c6 {[%emt 0:00:00]} 2. d4 {[%emt 0:00:00]} d5 {[%emt 0:00:07]} 3. exd5 {[%emt 0:00:00]} cxd5 {[%emt 0:00:06]} 4. c4 {[%emt 0:00:00]} Nf6 {[%emt 0:00:10]} 5. Nc3 {[%emt 0:00:05]} g6 {[%emt 0:01:26]} 6. Nf3 {[%emt 0:01:18]} Bg7 {[%emt 0:00:58]} 7. c5 {[%emt 0:06:04]} Nc6 {[%emt 0:01:10]} 8. Bb5 {[%emt 0:08:50]} O-O {[%emt 0:00:37]} 9. Bxc6 {[%emt 0:01:01]} bxc6 {[%emt 0:00:04]} 10. Ne5 {[%emt 0:00:05]} Qc7 {[%emt 0:12:28]} 11. Qa4 $11 {[%emt 0:06:11]} Bb7 {[%emt 0:21:01]} 12. O-O {[%emt 0:12:16]} Nd7 {[%emt 0:17:06]} 13. Nxd7 {[%emt 0:06:22]} Qxd7 {[%emt 0:00:25]} 14. Be3 {[%emt 0:07:10]} e5 {[%emt 0:05:56]} 15. dxe5 {[%emt 0:00:28]} Bxe5 {[%emt 0:00:16]} 16. Bd4 {[%emt 0:00:09]} Bc7 {[%emt 0:06:35]} 17. Rfe1 {[%emt 0:15:32]} Rfe8 {[%emt 0:02:05]} 18. g3 {[%emt 0:05:16]} a5 {[%emt 0:03:05]} 19. Qc2 {[%emt 0:01:28]} Re6 {[%emt 0:07:29]} 20. Qd2 {[%emt 0:02:51]} Rae8 {[%emt 0:01:21]} 21. Kg2 {[%emt 0:11:50]} Bc8 {[%emt 0:05:05]} 22. f3 {[%emt 0:05:13]} f6 {[%emt 0:05:45]} 23. Bf2 {[%emt 0:04:40]} Rxe1 {[%emt 0:04:18]} 24. Rxe1 {[%emt 0:00:20]} Qh3+ {[%emt 0:01:07]} 25. Kg1 {[%emt 0:00:07]} Rxe1+ {[%emt 0:00:07]} 26. Qxe1 {[%emt 0:00:06]} Kf7 {[%emt 0:00:05]} 27. Ne2 {[%emt 0:01:24]} Ba6 {[%emt 0:02:02]} 28. Nd4 {[%emt 0:00:56]} Qd7 {[%emt 0:00:06]} 29. a4 {[%emt 0:00:59]} Bd8 {[%emt 0:02:52]} 30. Be3 {[%emt 0:02:19]} Bc8 {[%emt 0:00:31]} 31. Bd2 {[%emt 0:00:23]} Be7 {[%emt 0:00:31]} 32. Nb3 {[%emt 0:01:17]} Ba6 {[%emt 0:00:29]} 33. Be3 {[%emt 0:00:16]} Qf5 {[%emt 0:00:31]} 34. Nd4 {[%emt 0:00:35]} Qd3 {[%emt 0:00:30]} 35. Nxc6 {[%emt 0:00:16]} Bf8 {[%emt 0:00:28]} 36. Nd8+ {[%emt 0:01:14]} Kg8 {[%emt 0:00:32]} 37. Ne6 {[%emt 0:00:42]} d4 {[%emt 0:00:28]} 38. Bxd4 {[%emt 0:00:42]} Qxf3 {[%emt 0:00:12]} 39. Nf4 {[%emt 0:00:27]} Bc4 {[%emt 0:00:46]} 40. Ng2 {[%emt 0:00:36]} Qd5 {[%emt 0:00:32]} 41. Qe3 {[%emt 0:05:17]} g5 {[%emt 0:06:00]} 42. h4 {[%emt 0:08:38]} h6 {[%emt 0:04:39]} 43. Qf2 {[%emt 0:01:29]} Be7 {[%emt 0:02:11]} 44. Kh2 {[%emt 0:01:42]} Kf7 {[%emt 0:02:09]} 45. Bc3 {[%emt 0:08:55]} Qxc5 {[%emt 0:13:10]} 46. Qc2 {[%emt 0:00:05]} Kg7 {[%emt 0:01:33]} 47. Bxa5 {[%emt 0:00:04]} Bd5 {[%emt 0:03:49]} 48. Bc3 {[%emt 0:03:00]} Bc6 {[%emt 0:00:18]} 49. h5 {[%emt 0:01:14]} Qd5 {[%emt 0:00:39]} 50. Qg6+ {[%emt 0:00:33]} Kf8 {[%emt 0:00:02]} 51. Qxh6+ {[%emt 0:00:01]} Ke8 {[%emt 0:00:14]} 52. Qg6+ {[%emt 0:00:02]} Kf8 {[%emt 0:00:34]} 53. Qc2 {[%emt 0:01:52]} g4 {[%emt 0:01:11]} 54. h6 {[%emt 0:01:41]} Qh5+ {[%emt 0:00:33]} 55. Nh4 {[%emt 0:00:00]} Qd5 {[%emt 0:00:30]} 56. Qc1 {[%emt 0:00:46]} Kg8 {[%emt 0:00:28]} 57. Qb1 {[%emt 0:01:40]} f5 {[%emt 0:00:24]} 58. h7+ {[%emt 0:00:03]} Kxh7 {[%emt 0:00:38]} 59. Qxf5+ {[%emt 0:00:02]} Qxf5 {[%emt 0:00:11]} 60. Nxf5 {[%emt 0:00:00]} Bc5 {[%emt 0:00:47]} 61. b4 {[%emt 0:00:22]} Bxb4 {[%emt 0:00:33]} 62. Bxb4 {[%emt 0:00:28]} Bxa4 {[%emt 0:00:01]} 63. Be7 {[%emt 0:01:11]} Bc6 {[%emt 0:00:46]} 64. Kg1 {[%emt 0:01:22]} Kg6 {[%emt 0:00:20]} 65. Nd4 {[%emt 0:00:08]} Bd7 {[%emt 0:00:48]} 66. Kf2 {[%emt 0:00:09]} Kf7 {[%emt 0:00:30]} 67. Bh4 {[%emt 0:00:01]} Kg6 {[%emt 0:00:05]} 68. Ke3 {[%emt 0:00:02]} Kf7 {[%emt 0:00:54]} 69. Kf4 {[%emt 0:00:01]} Kg6 {[%emt 0:00:01]} 70. Nb3 {[%emt 0:00:25]} Be6 {[%emt 0:01:05]} 71. Nc5 {[%emt 0:00:01]} Bc8 {[%emt 0:00:03]} 72. Ne4 {[%emt 0:00:01]} Bb7 {[%emt 0:00:56]} 73. Nf6 {[%emt 0:00:03]} Bf3 {[%emt 0:00:30]} 74. Nxg4 {[%emt 0:00:02]} Bd1 {[%emt 0:00:11]} 75. Ne5+ {[%emt 0:00:02]} Kg7 {[%emt 0:00:49]} 76. Nf3 {[%emt 0:00:10]} Bb3 {[%emt 0:00:27]} 77. g4 {[%emt 0:00:05]} Bc2 {[%emt 0:00:34]} 78. Ne5 {[%emt 0:00:20]} Bb1 {[%emt 0:00:27]} 79. Bd8 {[%emt 0:00:05]} Bc2 {[%emt 0:00:23]} 80. g5 {[%emt 0:00:08]} Bb1 {[%emt 0:00:20]} 81. Bf6+ {[%emt 0:00:08]} Kh7 {[%emt 0:00:06]} 82. Nf3 {[%emt 0:02:15]} Bc2 {[%emt 0:00:49]} 83. Nh4 {[%emt 0:00:52]} Bb1 {[%emt 0:00:37]} 84. Ke5 {[%emt 0:00:02]} Bc2 {[%emt 0:00:33]} 85. Kd6 {[%emt 0:00:36]} Bd3 {[%emt 0:00:42]} 86. Ng2 {[%emt 0:00:12]} Bb1 {[%emt 0:00:24]} 87. Nf4 {[%emt 0:00:03]} Bc2 {[%emt 0:00:29]} 88. Ke7 {[%emt 0:00:04]} Bb1 {[%emt 0:00:27]} 89. Be5 {[%emt 0:00:35]} Bc2 {[%emt 0:00:16]} 90. Kf6 {[%emt 0:00:09]} Bb1 {[%emt 0:00:24]} 91. Nh5 {[%emt 0:01:07]} Bc2 {[%emt 0:00:41]} 92. Ng7 {[%emt 0:00:18]} Bg6 {[%emt 0:00:32]} 93. Bd4 {[%emt 0:00:03]} Bc2 {[%emt 0:00:47]} 94. Nf5 {[%emt 0:00:04]} Bb3 {[%emt 0:00:32]} 95. g6+ {[%emt 0:00:14]} Kg8 {[%emt 0:00:05]} 96. Bc5 {[%emt 0:00:13]} Ba2 {[%emt 0:00:52]} 97. Nh6+ {[%emt 0:00:04]} Kh8 {[%emt 0:00:03]} 98. Bd4 {[%emt 0:00:03]} 1-0

[Event "WJCC U20 Girls 2019"]
[Site "New Delhi"]
[Date "2019.10.18"]
[Round "5.8"]
[White "Olde, Margareth"]
[Black "Berdnyk, Mariia"]
[Result "1/2-1/2"]
[WhiteElo "2205"]
[BlackElo "2349"]
[Annotator "NA"]
[PlyCount "139"]
[EventDate "2019.10.15"]
[EventType "swiss"]
[EventCountry "IND"]
[SourceTitle "playchess.com"]
[Source "ChessBase"]
[SourceQuality "1"]
[TimeControl "40/5400+30:1800+30"]

1. d4 {[%emt 0:00:00]} Nf6 {[%emt 0:00:00]} 2. c4 {[%emt 0:00:00]} g6 {[%emt 0:00:00]} 3. Nf3 {[%emt 0:00:00]} Bg7 {[%emt 0:00:00]} 4. Nc3 {[%emt 0:00:00]} O-O {[%emt 0:00:00]} 5. e4 {[%emt 0:00:00]} d6 {[%emt 0:00:00]} 6. h3 {[%emt 0:00:13]} e5 {[%emt 0:00:00]} 7. d5 {[%emt 0:00:06]} a5 {[%emt 0:00:00]} 8. g4 {[%emt 0:00:09]} Na6 {[%emt 0:00:08]} 9. Be3 {[%emt 0:00:08]} Nd7 {[%emt 0:00:08]} 10. a3 {[%emt 0:01:07]} Nb6 {[%emt 0:00:06]} 11. Rg1 {[%emt 0:01:20]} Bd7 {[%emt 0:00:09]} 12. h4 {[%emt 0:06:56]} Nc5 {[%emt 0:00:49]} 13. b3 {[%emt 0:03:27]} a4 {[%emt 0:00:05]} 14. b4 {[%emt 0:02:53]} Nb3 {[%emt 0:00:04]} 15. Rb1 {[%emt 0:02:03]} c5 {[%emt 0:00:11]} 16. bxc5 {[%emt 0:13:11]} Nc8 {[%emt 0:00:09]} 17. Nb5 $17 {[%emt 0:18:52]} (17. Nd2 $14) 17... dxc5 {[%emt 0:05:15]} 18. Bd3 {[%emt 0:03:47]} Bxb5 {[%emt 0:03:44]} 19. cxb5 {[%emt 0:00:07]} Nd6 {[%emt 0:00:30]} 20. Nd2 {[%emt 0:06:31]} c4 {[%emt 0:09:24]} 21. Nxc4 {[%emt 0:04:03]} Nxb5 {[%emt 0:00:39]} 22. Rb2 {[%emt 0:10:03]} N5d4 {[%emt 0:03:57]} 23. Bxd4 {[%emt 0:02:47]} exd4 {[%emt 0:00:09]} 24. Nd2 {[%emt 0:02:58]} Nc5 {[%emt 0:02:46]} 25. Nf3 {[%emt 0:02:01]} Re8 {[%emt 0:15:32]} 26. Re2 {[%emt 0:01:46]} Qa5+ {[%emt 0:00:07]} 27. Kf1 {[%emt 0:00:04]} Qc3 {[%emt 0:00:52]} 28. Ne1 {[%emt 0:02:06]} Qxa3 {[%emt 0:00:18]} 29. f4 {[%emt 0:00:24]} Qb3 {[%emt 0:03:39]} 30. Qxb3 {[%emt 0:01:28]} Nxb3 {[%emt 0:00:05]} 31. e5 {[%emt 0:01:29]} a3 {[%emt 0:00:32]} 32. Ra2 {[%emt 0:03:30]} Nc1 {[%emt 0:03:40]} 33. Ra1 {[%emt 0:00:08]} a2 {[%emt 0:03:29]} 34. Rg2 {[%emt 0:03:32]} Rec8 {[%emt 0:03:34]} 35. d6 {[%emt 0:02:50]} Rc3 {[%emt 0:02:08]} 36. Rd2 {[%emt 0:02:57]} Kf8 {[%emt 0:01:19]} 37. Bc2 {[%emt 0:01:56]} b5 {[%emt 0:10:01]} 38. Rd1 {[%emt 0:02:26]} b4 {[%emt 0:07:38]} 39. Rdxc1 {[%emt 0:01:09]} b3 {[%emt 0:00:03]} 40. Bxb3 {[%emt 0:00:06]} Rxc1 {[%emt 0:00:04]} 41. Rxc1 {[%emt 0:30:03]} a1=Q 42. Rxa1 {[%emt 0:00:08]} Rxa1 {[%emt 0:30:09]} 43. Kf2 {[%emt 0:00:00]} Ra3 {[%emt 0:00:00]} 44. Bc4 {[%emt 0:00:00]} Ra4 {[%emt 0:00:00]} 45. Bd3 {[%emt 0:00:00]} Ra5 {[%emt 0:00:00]} 46. g5 {[%emt 0:00:00]} Bxe5 {[%emt 0:00:00]} 47. fxe5 {[%emt 0:00:00]} Rxe5 {[%emt 0:00:00]} 48. Nc2 {[%emt 0:00:00]} Rd5 {[%emt 0:00:00]} 49. Kf3 {[%emt 0:00:00]} f6 {[%emt 0:00:00]} 50. gxf6 {[%emt 0:00:00]} Rxd6 {[%emt 0:00:00]} 51. Ke4 {[%emt 0:00:00]} Rxf6 {[%emt 0:00:00]} 52. Nxd4 {[%emt 0:00:00]} Kg7 {[%emt 0:00:00]} 53. Ne2 {[%emt 0:00:00]} Rf2 {[%emt 0:00:00]} 54. Nd4 {[%emt 0:01:35]} Kh6 {[%emt 0:00:00]} 55. Nf3 {[%emt 0:00:34]} Kh5 {[%emt 0:00:00]} 56. Kf4 {[%emt 0:00:31]} Rg2 {[%emt 0:00:00]} 57. Bb5 {[%emt 0:01:50]} Rg4+ {[%emt 0:00:00]} 58. Ke3 {[%emt 0:00:06]} Rb4 {[%emt 0:00:00]} 59. Bd7 {[%emt 0:00:43]} Kh6 {[%emt 0:00:00]} 60. Kf2 {[%emt 0:00:25]} Kg7 {[%emt 0:00:00]} 61. Kg3 {[%emt 0:00:16]} Kf6 {[%emt 0:00:00]} 62. Bc8 {[%emt 0:01:41]} Ke7 {[%emt 0:00:00]} 63. Bg4 {[%emt 0:00:23]} h5 {[%emt 0:00:00]} 64. Bc8 {[%emt 0:00:29]} Kd6 {[%emt 0:00:00]} 65. Bh3 {[%emt 0:00:28]} Kd5 {[%emt 0:00:00]} 66. Bd7 {[%emt 0:01:14]} Ke4 {[%emt 0:00:00]} 67. Ng5+ {[%emt 0:01:08]} Ke3 {[%emt 0:00:00]} 68. Be8 {[%emt 0:00:45]} Rb6 {[%emt 0:03:16]} 69. Bf7 {[%emt 0:00:15]} Rf6 {[%emt 0:00:31]} 70. Be8 {[%emt 0:00:16]} 1/2-1/2

[Event "WJCC U20 Girls 2019"]
[Site "New Delhi"]
[Date "2019.10.18"]
[Round "5.9"]
[White "Antova, Gabriela"]
[Black "Afraoui, Anaelle"]
[Result "1/2-1/2"]
[WhiteElo "2318"]
[BlackElo "2106"]
[Annotator "NA"]
[PlyCount "108"]
[EventDate "2019.10.15"]
[EventType "swiss"]
[EventCountry "IND"]
[SourceTitle "playchess.com"]
[Source "ChessBase"]
[SourceQuality "1"]
[TimeControl "40/5400+30:1800+30"]

1. d4 {[%emt 0:00:00]} Nf6 {[%emt 0:00:00]} 2. c4 {[%emt 0:00:00]} d6 {[%emt 0:00:00]} 3. Nf3 {[%emt 0:00:28]} g6 {[%emt 0:00:00]} 4. g3 {[%emt 0:00:13]} Bg7 {[%emt 0:00:12]} 5. Bg2 {[%emt 0:00:06]} O-O {[%emt 0:00:11]} 6. O-O {[%emt 0:00:05]} c6 {[%emt 0:00:15]} 7. Nc3 {[%emt 0:00:49]} Nbd7 {[%emt 0:00:14]} 8. e4 {[%emt 0:00:59]} e5 {[%emt 0:00:13]} 9. h3 {[%emt 0:03:33]} Qb6 {[%emt 0:01:49]} 10. Re1 {[%emt 0:01:33]} exd4 {[%emt 0:01:00]} 11. Nxd4 {[%emt 0:00:31]} Re8 {[%emt 0:00:44]} 12. Nc2 {[%emt 0:01:01]} Ne5 {[%emt 0:04:08]} 13. b3 {[%emt 0:02:57]} Be6 {[%emt 0:10:05]} 14. Na4 {[%emt 0:13:58]} Qc7 {[%emt 0:05:33]} 15. Nd4 {[%emt 0:02:20]} Rad8 {[%emt 0:03:19]} 16. Qc2 {[%emt 0:15:27]} Bc8 {[%emt 0:08:53]} 17. Be3 {[%emt 0:02:08]} Ned7 {[%emt 0:04:21]} 18. Rad1 {[%emt 0:04:00]} Nf8 {[%emt 0:06:17]} 19. b4 {[%emt 0:10:51]} Qe7 {[%emt 0:06:53]} 20. Nc3 {[%emt 0:02:27]} Ne6 {[%emt 0:05:04]} 21. Nde2 {[%emt 0:05:53]} Nd7 {[%emt 0:01:40]} 22. Bxa7 {[%emt 0:03:45]} Ne5 {[%emt 0:01:18]} 23. Bb6 {[%emt 0:00:52]} Ng5 24. Bxd8 {[%emt 0:04:23]} Ngf3+ {[%emt 0:15:45]} 25. Kh1 {[%emt 0:01:06]} Rxd8 {[%emt 0:01:23]} 26. Nb1 {[%emt 0:05:06]} Nxe1 {[%emt 0:01:28]} 27. Rxe1 {[%emt 0:00:01]} Be6 {[%emt 0:00:22]} 28. Nd2 {[%emt 0:00:35]} f5 {[%emt 0:02:35]} 29. Nd4 {[%emt 0:02:43]} Bc8 {[%emt 0:05:12]} 30. exf5 {[%emt 0:00:41]} Qf7 {[%emt 0:00:39]} 31. f4 {[%emt 0:02:08]} Nd7 {[%emt 0:06:13]} 32. fxg6 {[%emt 0:00:38]} hxg6 {[%emt 0:00:07]} 33. N2f3 {[%emt 0:01:44]} Nb6 {[%emt 0:00:13]} 34. Ng5 {[%emt 0:05:40]} Qf6 {[%emt 0:03:22]} 35. Ndf3 {[%emt 0:00:53]} Bf5 {[%emt 0:01:03]} 36. Qe2 {[%emt 0:01:00]} Ra8 {[%emt 0:01:07]} 37. Nh4 {[%emt 0:01:02]} Bd7 {[%emt 0:01:05]} 38. c5 {[%emt 0:04:28]} dxc5 {[%emt 0:01:43]} 39. bxc5 {[%emt 0:00:11]} Nd5 {[%emt 0:00:04]} 40. Qc2 {[%emt 0:00:29]} Qc3 {[%emt 0:01:49]} 41. Qxc3 {[%emt 0:31:43]} Bxc3 {[%emt 0:31:20]} 42. Rc1 {[%emt 0:00:00]} Bb2 {[%emt 0:00:00]} 43. Rd1 {[%emt 0:00:00]} Kg7 {[%emt 0:00:00]} 44. Be4 {[%emt 0:00:00]} Rxa2 {[%emt 0:00:00]} 45. Nxg6 {[%emt 0:00:00]} Bf6 {[%emt 0:00:00]} 46. h4 {[%emt 0:00:00]} Bg4 {[%emt 0:00:00]} 47. Rb1 {[%emt 0:00:00]} Bc8 {[%emt 0:00:00]} 48. Ne5 {[%emt 0:00:00]} Nc3 {[%emt 0:00:00]} 49. Re1 {[%emt 0:00:00]} Ne2 {[%emt 0:00:00]} 50. g4 {[%emt 0:02:11]} Ng3+ {[%emt 0:00:00]} 51. Kg1 {[%emt 0:00:00]} Ne2+ {[%emt 0:00:00]} 52. Kf1 {[%emt 0:01:20]} Ng3+ {[%emt 0:00:00]} 53. Kg1 {[%emt 0:00:02]} Ne2+ {[%emt 0:00:00]} 54. Kf1 {[%emt 0:00:20]} Ng3+ {[%emt 0:00:00]} 1/2-1/2

[Event "WJCC U20 Girls 2019"]
[Site "New Delhi"]
[Date "2019.10.18"]
[Round "5.10"]
[White "Katkov, Michelle"]
[Black "Solozhenkina, Elizaveta"]
[Result "0-1"]
[WhiteElo "2106"]
[BlackElo "2283"]
[Annotator "NA"]
[PlyCount "96"]
[EventDate "2019.10.15"]
[EventType "swiss"]
[EventCountry "IND"]
[SourceTitle "playchess.com"]
[Source "ChessBase"]
[SourceQuality "1"]
[TimeControl "40/5400+30:1800+30"]

1. e4 c5 {[%emt 0:00:00]} 2. c3 {[%emt 0:00:00]} d5 {[%emt 0:00:00]} 3. exd5 {[%emt 0:00:00]} Qxd5 {[%emt 0:00:00]} 4. d4 {[%emt 0:00:00]} Nf6 {[%emt 0:00:05]} 5. Nf3 {[%emt 0:00:01]} e6 {[%emt 0:00:08]} 6. Bd3 {[%emt 0:05:02]} Nc6 {[%emt 0:04:08]} 7. O-O {[%emt 0:00:42]} Be7 {[%emt 0:05:02]} 8. Be3 {[%emt 0:08:17]} cxd4 {[%emt 0:01:31]} 9. cxd4 {[%emt 0:00:22]} O-O {[%emt 0:00:27]} 10. Nc3 {[%emt 0:00:03]} Qd6 {[%emt 0:00:42]} 11. Rc1 {[%emt 0:07:32]} Nb4 $11 {[%emt 0:19:35]} 12. Bb1 {[%emt 0:04:21]} b6 {[%emt 0:09:22]} 13. Nb5 {[%emt 0:11:04]} Qd8 {[%emt 0:09:27]} 14. a3 {[%emt 0:09:11]} Ba6 {[%emt 0:05:33]} 15. Nc7 {[%emt 0:04:47]} Bxf1 {[%emt 0:00:09]} 16. Nxa8 {[%emt 0:00:05]} Bxg2 {[%emt 0:01:41]} 17. Kxg2 {[%emt 0:04:53]} Nbd5 {[%emt 0:00:07]} 18. Nxb6 {[%emt 0:01:51]} Qxb6 {[%emt 0:02:58]} 19. Qc2 {[%emt 0:03:38]} Qb7 {[%emt 0:04:32]} 20. Bg5 {[%emt 0:07:07]} g6 {[%emt 0:04:53]} 21. Bxf6 {[%emt 0:04:18]} Nf4+ {[%emt 0:04:50]} 22. Kg3 {[%emt 0:00:27]} Nh5+ {[%emt 0:00:10]} 23. Kg2 {[%emt 0:00:31]} Bxf6 {[%emt 0:00:26]} 24. b4 {[%emt 0:04:40]} Nf4+ {[%emt 0:08:04]} 25. Kg3 {[%emt 0:00:17]} Qb8 {[%emt 0:00:18]} 26. Rd1 {[%emt 0:08:15]} Rd8 {[%emt 0:00:32]} 27. Qd2 {[%emt 0:04:38]} Bxd4 {[%emt 0:12:10]} 28. Qxf4 {[%emt 0:02:46]} Bxf2+ {[%emt 0:00:41]} 29. Kxf2 {[%emt 0:00:10]} Qxf4 {[%emt 0:00:05]} 30. Rd3 Rd7 31. Rxd7 {[%emt 0:00:41]} Kg7 {[%emt 0:00:33]} 32. Rd1 {[%emt 0:03:28]} g5 {[%emt 0:01:15]} 33. Rd4 {[%emt 0:03:06]} Qc1 {[%emt 0:00:18]} 34. Bd3 {[%emt 0:01:27]} h5 {[%emt 0:02:01]} 35. h3 {[%emt 0:00:37]} Qxa3 {[%emt 0:00:42]} 36. b5 {[%emt 0:01:13]} Qc5 {[%emt 0:01:38]} 37. Kg3 {[%emt 0:00:11]} Kf6 {[%emt 0:02:38]} 38. Rd7 {[%emt 0:00:58]} Qe3 {[%emt 0:01:02]} 39. Rd4 {[%emt 0:01:03]} Ke7 {[%emt 0:00:59]} 40. Bf1 {[%emt 0:01:25]} e5 {[%emt 0:00:31]} 41. Rd3 {[%emt 0:30:11]} Qf4+ {[%emt 0:30:11]} 42. Kf2 {[%emt 0:00:00]} g4 {[%emt 0:00:00]} 43. hxg4 {[%emt 0:00:00]} hxg4 {[%emt 0:00:00]} 44. Ra3 {[%emt 0:00:00]} e4 {[%emt 0:00:00]} 45. Rxa7+ {[%emt 0:00:00]} Kf6 {[%emt 0:00:00]} 46. Ra6+ {[%emt 0:00:00]} Kg7 {[%emt 0:00:00]} 47. b6 {[%emt 0:00:00]} exf3 {[%emt 0:00:00]} 48. b7 {[%emt 0:00:00]} g3+ {[%emt 0:00:00]} 0-1

[Event "WJCC U20 Girls 2019"]
[Site "New Delhi"]
[Date "2019.10.18"]
[Round "5.11"]
[White "Toshali, V."]
[Black "Zhu, Jiner"]
[Result "1-0"]
[WhiteElo "1868"]
[BlackElo "2507"]
[Annotator "ChessBase"]
[PlyCount "55"]
[EventDate "2019.10.15"]
[EventType "swiss"]
[EventCountry "IND"]
[SourceTitle "playchess.com"]
[Source "ChessBase"]
[SourceQuality "1"]
[TimeControl "40/5400+30:1800+30"]

1. d4 {[%emt 0:00:00]} Nf6 {[%emt 0:00:00]} 2. Nf3 {[%emt 0:00:00]} g6 {[%emt 0:00:00]} 3. Bg5 {[%emt 0:00:34]} Bg7 4. Nbd2 {[%emt 0:00:06]} O-O {[%emt 0:00:28]} 5. c3 {[%emt 0:00:06]} d6 {[%emt 0:03:21]} 6. e4 {[%emt 0:00:20]} Qe8 {[%emt 0:00:45]} 7. e5 {[%emt 0:06:38]} dxe5 {[%emt 0:00:15]} 8. dxe5 {[%emt 0:00:57]} Nfd7 {[%emt 0:03:22]} 9. e6 {[%emt 0:03:21]} fxe6 {[%emt 0:00:05]} 10. Bc4 {[%emt 0:01:09]} Nb6 {[%emt 0:00:33]} 11. Bb3 {[%emt 0:00:48]} Nc6 {[%emt 0:01:41]} 12. Qe2 {[%emt 0:01:00]} Nd5 {[%emt 0:02:21]} 13. O-O {[%emt 0:15:25]} Kh8 {[%emt 0:02:04]} 14. Nc4 {[%emt 0:08:19]} Bd7 {[%emt 0:02:45]} 15. Rfe1 {[%emt 0:06:04]} Rd8 {[%emt 0:02:04]} 16. Bc2 {[%emt 0:07:04]} Nf4 {[%emt 0:15:41]} 17. Qe4 {[%emt 0:09:31]} Nd5 {[%emt 0:11:25]} 18. Qe2 {[%emt 0:01:18]} Nf4 {[%emt 0:06:12]} 19. Qe4 {[%emt 0:00:03]} Qf7 {[%emt 0:00:05]} 20. Nce5 {[%emt 0:14:45]} Nxe5 {[%emt 0:00:08]} 21. Nxe5 {[%emt 0:00:07]} Bxe5 {[%emt 0:00:36]} 22. Qxe5+ {[%emt 0:00:02]} Kg8 {[%emt 0:00:06]} 23. Be4 {[%emt 0:04:49]} Bc8 {[%emt 0:05:34]} 24. Bh6 {[%emt 0:06:24]} Rd2 {[%emt 0:03:35]} 25. Bxf8 {[%emt 0:05:58]} Qxf8 {[%emt 0:02:52]} 26. Re3 {[%emt 0:04:16]} Ne2+ {[%emt 0:01:11]} 27. Kh1 {[%emt 0:01:07]} Qxf2 {[%emt 0:00:19]} 28. Bf3 {[%emt 0:02:20]} 1-0

[Event "WJCC U20 Girls 2019"]
[Site "New Delhi"]
[Date "2019.10.18"]
[Round "5.12"]
[White "Narva, Mai"]
[Black "Chitlange Sakshi"]
[Result "0-1"]
[WhiteElo "2378"]
[BlackElo "2175"]
[Annotator "TA"]
[PlyCount "72"]
[EventDate "2019.10.15"]
[EventType "swiss"]
[EventCountry "IND"]
[SourceTitle "playchess.com"]
[Source "ChessBase"]
[SourceQuality "1"]

{[%evp 19,72,25,24,0,0,2,7,0,0,0,0,-56,-28,-83,0,0,0,0,0,0,70,68,68,71,83,79,79,89,82,69,84,-100,-99,-72,-51,-181,-58,-54,-81,-119,-57,-83,-28,-73,431,0,0,-172,-181,-1148,-1089,-5585,-5561,-5389,-2264]} 1. e4 c6 2. d4 d5 3. exd5 cxd5 4. Bd3 Nc6 5. c3 Nf6 6. Bf4 Bg4 7. Qb3 Qd7 8. Nd2 e6 9. Ngf3 Bd6 10. Bxd6 Qxd6 11. Qxb7 {B13: Caro-Kann: Exchange Variation and Panov-Botvinnik Attack} Rb8 12. Qa6 {And now Bb5 would win.} O-O 13. Bb5 {The position is equal.} Rb6 14. Qa4 Ne7 15. b3 {[#]} (15. Ne5 $11) 15... Qc7 $146 ({Predecessor:} 15... Ng6 16. O-O a6 17. Be2 Ne4 18. c4 Nc3 {0-1 (28) Vidit,S (2711)-Le,Q (2715) chess.com INT 2018}) 16. Rc1 (16. O-O $11 {keeps the balance.}) 16... Bxf3 (16... Ng6 $1 $17) 17. Nxf3 $11 Ne4 18. Qa5 Rc8 {[%cal Re4c3]} 19. c4 Nd6 (19... a6 $11 20. Bd7 Rbb8 21. Qxc7 Rxc7) 20. Ba6 $1 $14 {[%cal Ra6c8]} Nc6 21. Qa3 Rxa6 22. Qxa6 {Hoping for cxd5.} Nb4 23. Qa4 $1 {[%cal Ra4b4]} Nd3+ {[%mdl 64] Double Attack} 24. Ke2 dxc4 25. Rc2 $2 (25. bxc4 $16 Nf4+ 26. Kf1) 25... Nf4+ $17 {[%mdl 1024] Black has strong compensation.} 26. Kd1 c3 27. Kc1 (27. d5 $1 $15 Nxd5 28. Kc1) 27... Qb7 ({And not} 27... Nxg2 28. d5 $1 $16 {[%mdl 512]}) (27... Nd3+ $1 $19 28. Kb1 a5) 28. Rd1 Nd5 $1 ({Not} 28... Nxg2 $2 29. d5 $1 $18 {[%mdl 512]}) 29. Re2 {[#]} Nb4 (29... c2 $1 $17 {[%mdl 512]} 30. Rde1 (30. Rxc2 Rxc2+) 30... Qc7) 30. Ne1 Nf5 (30... a5 $1 $17 {...Qa6 is the strong threat.} 31. Nc2 Nd5) 31. g3 Rc6 $2 {[%mdl 8192] [#]} (31... h6 $17 {stays on course. White must now prevent ...a5!} 32. Re5 Ne7) 32. Nc2 $2 (32. d5 $1 $18 {[%cal Rd5c6]} c2 (32... Nxd5 33. Rxd5) 33. Rxc2 (33. dxc6 cxd1=Q+ 34. Kxd1 Nxc6 $18) 33... exd5 34. Rxc6 Nxc6 35. Rxd5) 32... Nd5 $11 33. Kb1 $2 (33. Ne1 $11 {and White is okay.}) 33... Nd6 $36 {[%mdl 2048] White is under strong pressure.} 34. Rd3 $2 (34. b4) 34... Ra6 {Black is clearly winning.} 35. Qa3 Rxa3 36. Nxa3 {[#]} Qa6 $1 {[%mdl 64] Double Attack. Accuracy: White = 23%, Black = 32%.} 0-1

[Event "WJCC U20 Girls 2019"]
[Site "New Delhi"]
[Date "2019.10.18"]
[Round "5.13"]
[White "Dordzhieva, Dinara"]
[Black "Harshita Guddanti"]
[Result "1-0"]
[WhiteElo "2335"]
[BlackElo "2123"]
[Annotator "TA"]
[PlyCount "50"]
[EventDate "2019.10.15"]
[EventType "swiss"]
[EventCountry "IND"]
[SourceTitle "playchess.com"]
[Source "ChessBase"]
[SourceQuality "1"]

{[%evp 17,50,22,18,20,23,19,27,1,21,8,20,-7,8,0,5,6,5,13,6,0,0,3,26,23,31,22,28,33,47,44,39,0,88,113,1785]} 1. d4 Nf6 2. c4 e6 3. Nc3 Bb4 4. Qc2 c5 5. dxc5 O-O 6. a3 Bxc5 7. Nf3 b6 8. Bg5 Bb7 9. e3 Be7 10. Be2 {E39: Nimzo-Indian: Classical: 4...c5 5 dxc5 0-0} h6 11. Bh4 d5 (11... d6 12. O-O a6 13. Rfd1 Qc7 14. Rac1 Nbd7 15. Nd2 Ne5 16. Bg3 {0-1 (48) Fodor,T (2490)-Banusz,T (2595) Hungary 2015}) 12. Rd1 {White has an edge.} Nbd7 13. O-O Rc8 14. Rd2 $146 (14. Rd4 {is more complex.} Qe8 15. cxd5 Nxd5 16. Bb5 Bxh4 17. Nxh4 Rc7 18. Qd2) ({Predecessor:} 14. b4 Re8 15. Qb3 a6 16. Bg3 dxc4 17. Bxc4 b5 18. Nxb5 axb5 19. Bxb5 {0-1 (37) Njobvu,I (2236)-Moussa,A (2207) Turin 2006}) 14... Ba6 (14... Qe8 {looks sharper.} 15. Rfd1 dxc4 16. Rd4 a6 17. Rxc4 b5) 15. cxd5 Bxe2 16. Rxe2 {With the idea dxe6.} Nxd5 17. Bxe7 Nxe7 18. Rd2 {[#] Black must now prevent Qd1.} Qc7 19. Rfd1 $36 {[%mdl 2048] White is more active.} Ne5 (19... Nc5 {seems wilder.} 20. Nb5 Qb8 21. Qc4 Nd5 22. e4 Nb7) 20. Nxe5 Qxe5 21. Qd3 Nc6 22. Nb5 Rfd8 23. Nd6 Rc7 24. h3 Qa5 (24... Rcd7 $11 {remains equal.} 25. Qe4 Qxe4 26. Nxe4 Rxd2 27. Rxd2 Rxd2 28. Nxd2 b5) 25. b4 $16 g5 $2 {[%mdl 8192] Accuracy: White = 64%, Black = 50%.} (25... Qa4 $16) 1-0